000 00486nam a2200181Ia 4500
008 090124s9999 xx 000 0 und d
082 _b120808
100 _aतिबिले अनंत.
245 _a प्रतिशोध
250 _a1
260 _c1985
300 _a192
600 _aतिबिले अनंत.
630 _a प्रतिशोध
700 _aतिबिले अनंत.
730 _a प्रतिशोध
942 _cBOOK
999 _c166894
_d166894